00000000nam 2200000za 4500
0019.693008
003CaOODSP
00520210624233453
007cr |||||||||||
008150407|2008||||xxc|||||o    f|0| 0 eng d
040 |aCaOODSP|beng
043 |an-cn---
0861 |aEn56-156/2005E-PDF
1101 |aCanada.|bEnvironment Canada. |bAir Quality Research Branch.
24510|aAtmospheric deposition of toxic substances to the Great Lakes : |h[electronic resource]|bIADN results through 2005 / |c[by] Pierrette Blanchard ... [et al.].
260 |aDownsview - Ontario : |bEnvironment Canada. |c[2008].
300 |a226p.|bfigs., graphs, map, references, tables
500 |a"Issued by the Integrated Atmospheric Deposition Network. Co-published by Environment Canada and the United States Environmental Protection Agency"
5203 |aThe Integrated Atmospheric Deposition Network was initiated in 1990 to measure atmospheric concentrations of persistent toxic pollutants in the Great Lakes basin. These measurements have been conducted at 5 master stations, one on each of the Great Lakes, as well as 10 satellites stations. The measured concentrations combined with physical parameters have formed the basis of deposition estimates produced by IADN every two years. This report presents the results of the deposition estimates for the years 2001-2005.
546 |aRésumé en français
590 |a10-03|b2010-01-22
69007|aAtmospheric emissions|2gcpds
69007|aLakes|2gcpds
69007|aToxic substances|2gcpds
7201 |aBlanchard, Pierrette
7760#|tAtmospheric deposition of toxic substances to the Great Lakes : |w(CaOODSP)9.651134
795 |tAtmospheric deposition of toxic substances to the Great Lakes : |w(CaOODSP)9.699296
85640|ahttp://publications.gc.ca|qPDF|s1715 KB|uhttps://publications.gc.ca/collections/collection_2010/ec/En56-156-2005-eng.pdf